[Event "Niederbayernliga 1011"]
[Site "Germany"]
[Date "2010.10.24"]
[Round "2.7"]
[White "Hoechtl, Alois"]
[Black "Spranger, Peter"]
[Result "1-0"]
[WhiteElo "1714"]
[BlackElo "1432"]
[PlyCount "65"]
[EventDate "2010.10.10"]
[EventType "team-tourn"]
[EventRounds "9"]
[EventCountry "GER"]
[SourceTitle "EXT 2012"]
[Source "ChessBase"]
[SourceDate "2011.11.24"]
[SourceVersion "1"]
[SourceVersionDate "2011.11.24"]
[SourceQuality "1"]
[WhiteTeam "Rottal II"]
[BlackTeam "Bayerwald"]
[WhiteTeamCountry "GER"]
[BlackTeamCountry "GER"]

1. e4 d6 2. d4 Nf6 3. Nc3 g6 4. Nf3 Bg7 5. h3 0-0 6. Be3 c6 7. Bd3 b5 8. a3 Bb7 9. 0-0 Nbd7 10. Re1 a6 11. Qd2 e6 12. Bg5 Qc7 13. e5 dxe5 14. dxe5 Nd5 15. Bh6 Nxc3 16. Bxg7 Kxg7 17. Qxc3 Nb6 18. Be4 Na4 19. Qe3 Nxb2 20. Qf4 Qe7 21. Nh2 f5 22. Bf3 g5 23. Qc1 Nc4 24. Bh5 Kh6 25. Bf3 Qc5 26. h4 f4 27. Ng4+ Kg6 28. Be4+ Kh5 29. Qd1 f3 30. Bxf3 Kxh4 31. Nf6 g4 32. g3+ Kg5 33. Ne4+ 1-0